Marvel Vs DC - Statistics

General Stats
  • This quiz has been taken 103 times
  • The average score is 16 of 16
Answer Stats
Hint Answer % Correct
Black Panther V Aquaman Aquaman
100%
Captain America V Batman Batman
100%
Quicksilver V Flash Flash
100%
Wanda V Raven Raven
100%
Hulk V Superman Superman
100%
Thor V Shazam Thor
100%
Captain Marvel V WonderWoman Wonder Woman
100%
Hawkeye V Green Arrow Green Arrow
99%
Ironman V Cyborg Ironman
99%
Black Widow V Black Canary Black Canary
97%
Dr Strange V Dr Fate Dr Fate
97%
Spider-Man V Green Lantern Green Lantern
97%
Vision V Martian Man Hunter Martian Man Hunter
97%
Antman V The Atom The Atom
97%
Silver Surfer V Dr Manhattan Dr Manhattan
95%
Ghost Rider V Spectre Spectre
93%
No matching quizzes found
Score Distribution
Percent of People with Each Score
Percentile by Number Answered
Your Score History
You have not taken this quiz